[Event "Mechanics' Spring TNM; G/2 d5"]
[Site "San Francisco"]
[Date "2018.05.01"]
[Round "7.24"]
[White "Bennett, Tavis Lee"]
[Black "Chalissery, Jossy"]
[Result "1/2-1/2"]
[WhiteElo "1461"]
[BlackElo "1680"]
[PlyCount "188"]
[EventDate "2018.??.??"]
[Source "ChessBase"]
[SourceDate "2007.09.04"]

1. e4 b6 2. d4 Bb7 3. Bd3 e6 4. c3 Nf6 5. Bg5 Be7 6. Nd2 h6 7. Bxf6 Bxf6 8.
Ngf3 d6 9. O-O Nd7 10. b4 O-O 11. Re1 c5 12. a4 a5 13. b5 d5 14. e5 Be7 15. h3
Bc8 16. Nh2 f6 17. exf6 Nxf6 18. Ng4 Nxg4 19. Qxg4 Bg5 20. Re5 Rf4 21. Qh5 Bd7
22. Qg6 Qf6 23. Qxf6 Rxf6 24. Nf3 Bf4 25. Re2 c4 26. Bc2 Raf8 27. Rae1 Re8 28.
Nh4 Kf7 29. g3 Bd6 30. Ng2 g5 31. g4 Rf8 32. Ne3 Kg7 33. Kg2 Ba3 34. Rb1 Bd6
35. Rf1 Be8 36. Rfe1 Bf7 37. f3 h5 38. Rh1 h4 39. Rf1 Bg8 40. Ref2 Bf4 41. Re2
Bd6 42. Ree1 Bg3 43. Rd1 Bf4 44. Kf2 Re8 45. Ng2 Bg3+ 46. Ke3 e5 47. Bf5 exd4+
48. Kxd4 Be5+ 49. Ke3 Bxc3+ 50. Kf2 Bb4 51. f4 Bc5+ 52. Kf3 gxf4 53. Kxf4 d4
54. Rfe1 Rxe1 55. Rxe1 d3 56. Rd1 Rd6 57. Nxh4 d2 58. Bc2 Bh7 59. Nf5+ Bxf5 60.
Kxf5 c3 61. Ke4 Re6+ 62. Kd5 Rd6+ 63. Ke4 Kf6 64. h4 Rd4+ 65. Kf3 Bd6 66. g5+
Kg7 67. h5 Rh4 68. h6+ Kh8 69. h7 Kg7 70. g6 Rh6 71. Ke2 Be5 72. Ke3 Rh3+ 73.
Ke4 Bf6 74. Kd5 Kh6 75. Rf1 Bg7 76. Ke6 Re3+ 77. Kf5 Re1 78. Rf2 Re5+ 79. Kf4
Rh5 80. Ke3 Rh3+ 81. Ke4 Rh4+ 82. Kd5 Rh1 83. Kc6 d1=Q 84. Bxd1 Rxd1 85. Rh2+
Kg5 86. h8=Q Bxh8 87. Rxh8 c2 88. g7 c1=Q+ 89. Kxb6 Rd6+ 90. Kb7 Rd7+ 91. Ka6
Rd6+ 92. Kb7 Rd7+ 93. Ka6 Rd6+ 94. Kb7 Rd7+ 1/2-1/2

[Event "Mechanics' Spring TNM; G/2 d5"]
[Site "San Francisco"]
[Date "2018.04.10"]
[Round "4.39"]
[White "Bennett, Tavis Lee"]
[Black "Rakonitz, David"]
[Result "0-1"]
[WhiteElo "1461"]
[BlackElo "1595"]
[Annotator "Donaldson"]
[PlyCount "100"]
[EventDate "2018.??.??"]
[Source "ChessBase"]
[SourceDate "2007.09.04"]

1. e4 e6 2. Nf3 d5 3. exd5 exd5 4. d4 Bd6 5. Nc3 (5. c4 {
is the way Kasparov handled the position.}) 5... Ne7 6. Qe2 $6 c6 7. g3 O-O 8.
Bg2 Bg4 9. h3 Bf5 10. Be3 Na6 11. a3 Re8 12. O-O f6 13. Nh4 Be6 14. Qd3 Qd7 15.
g4 Bf7 (15... g5 16. Nf3 Nc7) 16. Nf5 $2 Bg6 17. Nxe7+ Rxe7 18. Qd2 Rae8 19.
Rae1 Nc7 20. f4 f5 (20... Bxc2) 21. g5 Bh5 22. Bf2 Ne6 23. Bg3 {Diagram [#]}
Qc7 (23... Nxg5 $1) 24. b4 Qb6 (24... Nxg5 $1) 25. Bxd5 Bf7 (25... cxd5 26.
Nxd5 Qxd4+ 27. Qxd4 Nxd4 28. Nxe7+ Bxe7 $19) 26. Bxe6 Rxe6 27. Bf2 Qc7 28. Rxe6
Rxe6 29. Be3 Re7 30. d5 Rd7 31. Qd3 b6 $2 (31... g6) 32. Qxf5 g6 33. Qf6 Be7
34. Qxc6 Qd8 $18 35. Rd1 $2 (35. Bd4 Rc7 36. Qb5) 35... Rc7 36. Bxb6 axb6 37.
Qxb6 Rxc3 38. Qxd8+ Bxd8 39. Rd2 Rxa3 40. c4 Rc3 41. Ra2 Bc7 42. Ra8+ Kg7 43.
Rc8 Bxf4 44. c5 Bxd5 45. Rd8 Be3+ 46. Kh2 Bf4+ 47. Kg1 Bf7 48. h4 Rc4 49. Rc8
Rxb4 50. c6 Rc4 0-1

[Event "Mechanics' Bedjanian TNM; G/2 d/5"]
[Site "San Francisco"]
[Date "2018.11.20"]
[Round "5.34"]
[White "Bentz, Brad"]
[Black "Agdamag, Samuel"]
[Result "1-0"]
[WhiteElo "1312"]
[BlackElo "1584"]
[Annotator "Winslow,Elliott"]
[PlyCount "69"]
[EventDate "2018.??.??"]
[Source "ChessBase"]
[SourceDate "2007.09.04"]

1. e4 d5 2. exd5 Nf6 3. d4 e6 $2 (3... Nxd5) 4. Bb5+ Bd7 5. Bxd7+ Qxd7 6. dxe6
fxe6 7. Nf3 Bb4+ 8. c3 Bd6 9. O-O O-O 10. Bg5 Ne4 11. Bh4 Qb5 12. Qc2 Nf6 13.
Nbd2 Nbd7 14. Rfe1 Rae8 15. Ne4 Nxe4 16. Rxe4 Nf6 17. Bxf6 Rxf6 18. Ne5 Bxe5
19. Rxe5 $18 Qc6 20. Rae1 Ref8 21. f3 Rg6 22. Kh1 Qa6 (22... Rxf3 $2 23. d5)
23. Qb3 Kh8 24. a3 (24. h3) (24. Qb4 Kg8 25. Ra5 Qb6 26. Rb5 Qc6 27. Rxb7) (24.
Rxe6 Rxe6 25. Qxe6 Qxe6 26. Rxe6) 24... Rff6 $6 25. d5 h6 $6 (25... Qb6 26.
Qxb6 axb6 27. dxe6 Rf8) 26. dxe6 Qc6 27. e7 Qe8 28. Qxb7 Rb6 29. Qxc7 Rxb2 30.
R5e2 Rb8 {[#]} 31. Qxb8 $1 Qxb8 32. e8=Q+ Qxe8 33. Rxe8+ Kh7 34. R8e6 Rg5 35.
R1e5 1-0

[Event "Mechanics' Bedjanian TNM; G/2 d/5"]
[Site "San Francisco"]
[Date "2018.10.30"]
[Round "2.37"]
[White "Bentz, Brad"]
[Black "Chan, John"]
[Result "1-0"]
[WhiteElo "1312"]
[BlackElo "1546"]
[PlyCount "79"]
[EventDate "2018.??.??"]
[Source "ChessBase"]
[SourceDate "2007.09.04"]

1. e4 e6 2. d4 d5 3. Nc3 Nf6 4. e5 Nfd7 5. Qg4 h6 6. Bd3 c5 7. Nf3 c4 8. Be2
Nc6 9. a3 a6 10. h4 b5 11. Nd1 b4 12. h5 Bb7 13. Qh3 Qb6 14. c3 a5 15. axb4
axb4 16. Rxa8+ Bxa8 17. g4 Ne7 18. O-O Bc6 19. Nh4 Kd8 20. f4 Kc7 21. Ne3 Kb7
22. Bd2 Nc8 23. g5 g6 24. Nxg6 fxg6 25. Qxe6 gxh5 26. g6 Qd8 27. Nxd5 Bxd5 28.
Qxd5+ Kb8 29. Bf3 Qb6 30. f5 Kc7 31. f6 Nxf6 32. Qxc4+ Kd8 33. exf6 Qxf6 34.
Bxh5 Qh4 35. Qd5+ Nd6 36. Bf4 Qh3 37. Bxd6 Qe3+ 38. Kg2 Bxd6 39. Qxd6+ Kc8 40.
Bg4+ 1-0

[Event "Mechanics' Bedjanian TNM; G/2 d/5"]
[Site "San Francisco"]
[Date "2018.11.13"]
[Round "4.30"]
[White "Bentz, Brad"]
[Black "Lamstein, Joshua"]
[Result "0-1"]
[WhiteElo "1312"]
[BlackElo "1592"]
[PlyCount "64"]
[EventDate "2018.??.??"]
[Source "ChessBase"]
[SourceDate "2007.09.04"]

1. e4 c5 2. Nf3 d6 3. d4 cxd4 4. Nxd4 Nf6 5. Nc3 a6 6. Be3 b5 7. Bd3 Bb7 8. a3
Nc6 9. Nxc6 Bxc6 10. O-O g6 11. f3 Bg7 12. Qd2 O-O 13. Bh6 Qb6+ 14. Kh1 Rfc8
15. Bxg7 Kxg7 16. Rfe1 Bd7 17. Bf1 Ra7 18. Ne2 Rac7 19. Rac1 Bc6 20. Nf4 Bb7
21. Nd3 Re8 22. b4 h6 23. Nb2 Kh7 24. c4 Rec8 25. cxb5 axb5 26. Rxc7 Rxc7 27.
e5 dxe5 28. Qd8 Kg7 29. Bxb5 e4 30. fxe4 Bxe4 31. Nc4 Qf2 32. Nd2 Bxg2# 0-1

[Event "Mechanics' Bedjanian TNM; G/2 d/5"]
[Site "San Francisco"]
[Date "2018.12.04"]
[Round "7.26"]
[White "Bentz, Brad"]
[Black "Newey, Richard"]
[Result "1-0"]
[WhiteElo "1312"]
[BlackElo "1600"]
[Annotator "Winslow,Elliott"]
[PlyCount "35"]
[EventDate "2018.??.??"]
[Source "ChessBase"]
[SourceDate "2007.09.04"]

1. e4 c5 2. Nf3 e6 3. d4 cxd4 4. Nxd4 a6 5. Nc3 Qc7 6. Bd3 Bb4 7. Bd2 Nf6 8. f4
Bxc3 9. bxc3 b5 10. e5 Nd5 11. Qg4 g6 12. O-O Nxc3 {[#]} 13. f5 $1 Nd5 (13...
exf5 14. Rxf5 $3) 14. fxg6 hxg6 15. Bxg6 Qxe5 16. Bxf7+ (16. Rxf7 $1) 16... Kd8
17. Nf3 Qd6 18. Ba5+ 1-0

[Event "Mechanics' Shipman TNM; G/2 d/5"]
[Site "San Francisco"]
[Date "2018.08.21"]
[Round "3.27"]
[White "Bhattacharjee, Shiva"]
[Black "Allen, Tom Carter"]
[Result "1-0"]
[WhiteElo "1676"]
[BlackElo "1400"]
[PlyCount "69"]
[EventDate "2018.??.??"]
[Source "ChessBase"]
[SourceDate "2007.09.04"]

1. c4 e5 2. Nc3 Nf6 3. Nf3 Nc6 4. e4 Bc5 5. h3 O-O 6. a3 a6 7. d3 Re8 8. b4 Ba7
9. Bg5 Re6 10. Qd2 Qe8 11. Nd5 Bb8 12. Bxf6 gxf6 13. Qh6 Qd8 14. Nh4 f5 15. Qh5
fxe4 16. Nf5 Qf8 17. Qg4+ Rg6 18. Nf6+ Kh8 19. Qh4 h6 20. Nxe4 d6 21. g4 Nd4
22. Nxd4 exd4 23. O-O-O c5 24. f4 d5 25. f5 Bf4+ 26. Kc2 Rg8 27. Nxc5 Bg5 28.
Qg3 b6 29. Nb3 dxc4 30. dxc4 Be3 31. Bg2 Ra7 32. Nxd4 Bxd4 33. Rxd4 Bxf5+ 34.
Kb3 Re7 35. Re1 {(Premature resignation? Perhaps. Lost it is, but one tends to
resign when "something" happens.)} 1-0

[Event "Mechanics' Summer TNM; G/2 d5"]
[Site "San Francisco"]
[Date "2018.06.26"]
[Round "5.17"]
[White "Bhattacharjee, Shiva"]
[Black "Karp, Richard"]
[Result "1-0"]
[WhiteElo "1614"]
[BlackElo "1761"]
[PlyCount "83"]
[EventDate "2018.??.??"]
[Source "ChessBase"]
[SourceDate "2007.09.04"]

1. c4 Nf6 2. Nc3 d5 3. d4 g6 4. cxd5 Nxd5 5. e4 Nxc3 6. bxc3 c5 7. Be3 Bg7 8.
Rc1 Qa5 9. Qd2 O-O 10. Bc4 Nc6 11. Ne2 Rd8 12. f4 Bg4 13. d5 Qa4 14. Bd3 c4 15.
Bc2 Qa3 16. O-O Na5 17. Nd4 e6 18. h3 Bxh3 19. gxh3 exd5 20. e5 Rac8 21. Nb5
Qe7 22. Qf2 a6 23. Nd6 Rxd6 24. exd6 Qxd6 25. Rcd1 Bxc3 26. Bd4 Bxd4 27. Qxd4
Rd8 28. Be4 Qa3 29. Rf3 Qxa2 30. Bxd5 Nc6 31. Qf6 Rf8 {[#]} 32. f5 Qe2 33. Rdf1
Ne5 34. R3f2 Qe3 35. fxg6 hxg6 36. Qf4 Qc3 37. Rc1 Qa3 38. Re1 Nd3 39. Bxf7+
Kh7 40. Qh4+ Kg7 41. Qf6+ Kh7 42. Qxg6+ 1-0

[Event "Mechanics' Summer TNM; G/2 d/5"]
[Site "San Francisco"]
[Date "2018.06.19"]
[Round "4.24"]
[White "Bhattacharjee, Shiva"]
[Black "Persidsky, Andre"]
[Result "1-0"]
[WhiteElo "1614"]
[BlackElo "1846"]
[PlyCount "35"]
[EventDate "2018.??.??"]
[Source "ChessBase"]
[SourceDate "2007.09.04"]

1. c4 c5 2. Nc3 Nf6 3. Nf3 Nc6 4. d4 cxd4 5. Nxd4 g6 6. e4 d6 7. Be2 Bg7 8. Be3
O-O 9. O-O a6 10. h3 e6 11. Qd2 Qc7 12. Rfd1 Rd8 13. Rac1 b6 $2 {Diagram [#]}
14. Nxc6 Qxc6 15. e5 $1 Ne8 16. Bf3 d5 17. cxd5 Qd7 18. Bxb6 1-0

[Event "Mechanics' Shipman TNM; G/2 d/5"]
[Site "San Francisco"]
[Date "2018.08.28"]
[Round "4.13"]
[White "Bhattacharjee, Shiva"]
[Black "Ricard, Bruce"]
[Result "0-1"]
[WhiteElo "1676"]
[BlackElo "1920"]
[Annotator "Winslow,Elliott"]
[PlyCount "36"]
[EventDate "2018.??.??"]
[Source "ChessBase"]
[SourceDate "2007.09.04"]

1. c4 c6 2. Nc3 d5 3. cxd5 cxd5 4. d4 Nf6 5. Bf4 Nc6 6. e3 Bf5 7. Qa4 (7. Qb3
$14 Na5 8. Qa4+ Bd7 9. Qc2) 7... Qb6 (7... a6) 8. Nb5 (8. Qb5 $11) 8... Rc8 9.
Rc1 a6 10. Bc7 axb5 11. Bxb6 bxa4 12. Bb5 a3 13. b4 e6 14. Nf3 Bxb4+ 15. Ke2
O-O 16. Bc5 Bxc5 17. Rxc5 Ne4 18. Rcc1 Nb4 0-1

[Event "Mechanics' Spring TNM; G/2 d5"]
[Site "San Francisco"]
[Date "2018.03.27"]
[Round "2"]
[White "Biyiasas, Theodore"]
[Black "Chea, Na"]
[Result "1-0"]
[WhiteElo "2150"]
[BlackElo "1641"]
[PlyCount "53"]
[EventDate "2018.??.??"]
[Source "ChessBase"]
[SourceDate "2007.09.04"]

1. d4 d5 2. c4 c6 3. Nf3 Nf6 4. e3 Bf5 5. Nc3 e6 6. Nh4 Bg6 7. Be2 Bd6 8. Bd2
Nbd7 9. h3 Ne4 10. Nxg6 hxg6 11. Nxe4 dxe4 12. Qc2 Nf6 13. O-O-O Qe7 14. Kb1 a6
15. f3 exf3 16. Bxf3 O-O 17. e4 e5 18. c5 Bb8 19. d5 Ba7 20. d6 Qd7 21. Be3 Kh8
22. Rhf1 Rab8 23. g4 b6 24. g5 Ng8 25. cxb6 Bxb6 26. Bxb6 Rxb6 27. Bg4 1-0

[Event "Mechanics' Spring TNM; G/2 d5"]
[Site "San Francisco"]
[Date "2018.03.27"]
[Round "2.24"]
[White "Boldi, Ethan"]
[Black "Brown, Nicholas M"]
[Result "1-0"]
[WhiteElo "1997"]
[BlackElo "1490"]
[PlyCount "55"]
[EventDate "2018.??.??"]
[Source "ChessBase"]
[SourceDate "2007.09.04"]

1. e4 c6 2. d4 d5 3. exd5 cxd5 4. c4 Nf6 5. Nc3 e6 6. Bg5 Be7 7. Nf3 O-O 8.
cxd5 exd5 9. Bd3 Nc6 10. h3 Re8 11. O-O Be6 12. a3 Qd7 13. Ne5 Qd8 14. Ne2 Nxe5
15. dxe5 Nd7 16. Bxe7 Qxe7 17. f4 Nc5 18. b4 Nxd3 19. Qxd3 g6 20. Nd4 Bd7 21.
Rae1 Qd8 22. f5 Qb6 23. Kh1 gxf5 24. Rf3 Qa6 25. Qe3 Qb6 26. Rg3+ Kh8 27. e6
fxe6 28. Qe5# 1-0

[Event "Mechanics' Vartan Bedjanian TNM; G/2 d/"]
[Site "San Francisco"]
[Date "2018.11.07"]
[Round "3.6"]
[White "Boldi, Ethan"]
[Black "Cendejas, Juan Rod"]
[Result "1-0"]
[WhiteElo "2084"]
[BlackElo "1705"]
[Annotator "Winslow,Elliott"]
[PlyCount "73"]
[EventDate "2018.??.??"]
[Source "ChessBase"]
[SourceDate "2007.09.04"]

1. e4 d5 2. exd5 c6 ({Compare:} 2... Nf6 3. c4 (3. d4 Nxd5 4. c4 (4. Nf3)) 3...
c6 (3... e6 $5 {Icelandic Gambit} 4. dxe6 $6 (4. d4 exd5 {
*This* line. Exchange French with 3.c4.})) 4. dxc6 $6 (4. d4 $1 cxd5 {
it's the Panov-Botvinnik Attack! As in the game...}) 4... Nxc6 {
Black is most certainly not worse.}) 3. d4 $6 {(I used to prefer to play into
all the variations (of the PB) I knew, avoiding the gambit on principle.)} ({
But here} 3. dxc6 Nxc6 4. Nf3 e5 5. Nc3 {
White is clearly better. Bluntly: c2-c4 weakens White's position.} (5. Bb5))
3... cxd5 4. c4 Nf6 5. Nc3 Nc6 (5... e6) (5... g6) 6. cxd5 (6. Nf3) (6. Bg5)
6... Nxd5 7. Bc4 (7. Nf3 Bg4) 7... Nb6 8. Bb5 Bd7 9. Nf3 a6 10. Be2 e6 {
White has come through with an okay IQP position} 11. O-O Bd6 12. Bd3 Qc7 13.
Be4 f5 14. Bc2 {(poor bishop!)} O-O-O $5 15. Bg5 Rde8 16. d5 exd5 17. Nxd5 Nxd5
18. Qxd5 h6 19. Be3 Nb4 20. Qd2 f4 21. Bxf4 Bxf4 22. Qxb4 Bd6 $2 (22... Bc6)
23. Qd4 Bc6 24. Rac1 (24. Bg6 $1 Ref8 25. Rfc1 Kb8 26. Be4 Rd8 (26... Rf4 27.
Rxc6 $1 bxc6 28. g3 $16) 27. Qc4 Bxe4 28. Qxe4 {still up a pawn}) (24. Qa7 Bxf3
25. Bf5+ Kd8 26. gxf3 Qc5 27. Qxc5 Bxc5 28. Rad1+ {
is also something significant for White}) 24... Kb8 25. Ba4 Re4 $6 {[#]} (25...
Rd8 26. Kh1 b5 27. Bb3 Qb7 $11) 26. Rxc6 $1 Rxd4 (26... Bxh2+ 27. Nxh2 (27. Kh1
$6 Rxd4 28. Rxc7 Rxa4 29. Rxg7 Bc7 $14) 27... Qxh2+ 28. Kxh2 Rxd4 29. Rg6 Rxa4
30. Rxg7 Rf8 31. a3 $16) 27. Rxc7 Rxa4 28. Rd7 Bc7 29. a3 {
(It's that annoying extra pawn again!)} g5 30. Rfd1 (30. h3 $1) 30... g4 31.
Nd4 (31. Nh4) 31... h5 32. Ne6 Bb6 33. g3 h4 34. R1d6 Re4 $5 35. gxh4 Ka7 36.
Nd4 Kb8 $2 37. Rxb6 1-0

[Event "Mechanics' Shipman TNM; G/2 d/5"]
[Site "San Francisco"]
[Date "2018.08.28"]
[Round "4.4"]
[White "Boldi, Ethan"]
[Black "Chambers, Ezra"]
[Result "0-1"]
[WhiteElo "2011"]
[BlackElo "2289"]
[Annotator "Winslow,Elliott"]
[PlyCount "68"]
[EventDate "2018.??.??"]
[Source "ChessBase"]
[SourceDate "2007.09.04"]

1. e4 Nc6 2. d4 d6 3. Nc3 Nf6 4. Nf3 g6 (4... Bg4) 5. Bb5 (5. d5) 5... a6 (5...
Bd7) 6. Ba4 $6 (6. Bxc6+ bxc6 7. O-O (7. h3) (7. Bg5)) 6... b5 (6... Bd7) 7.
Bb3 Bg7 8. a3 (8. h3) 8... O-O 9. O-O Bg4 $146 (9... Bb7) 10. Be3 e5 11. dxe5
Nxe5 12. Bf4 Bxf3 13. gxf3 Nh5 14. Bg3 g5 15. Nd5 Ng6 16. c3 Kh8 17. Ne3 Be5
18. Nf5 Nhf4 19. Bd5 Rb8 20. Kh1 Ne7 21. Bxf4 Bxf4 22. Ne3 Qd7 23. Ng4 f6 24.
Rg1 Ng6 25. Qb3 Rbe8 26. Nh6 Qh3 27. Ng4 h5 28. Rg3 Bxg3 29. fxg3 hxg4 30. Bf7
gxf3 31. Rg1 Rxe4 32. Bxg6 Re2 33. Qg8+ Rxg8 34. Bf5 Rxh2# 0-1

[Event "Mechanics' Shipman TNM; G/2 d/5"]
[Site "San Francisco"]
[Date "2018.08.14"]
[Round "2.27"]
[White "Boldi, Ethan"]
[Black "Cunningham, Charles"]
[Result "1-0"]
[WhiteElo "2011"]
[BlackElo "1418"]
[PlyCount "59"]
[EventDate "2018.??.??"]
[Source "ChessBase"]
[SourceDate "2007.09.04"]

1. e4 e5 2. Nf3 Nc6 3. Bc4 Bc5 4. c3 d6 5. h3 Nf6 6. d3 h6 7. O-O O-O 8. d4
exd4 9. cxd4 Bb6 10. Re1 Re8 11. Nc3 Ba5 12. Qb3 Re7 13. e5 Qe8 14. Bf4 dxe5
15. dxe5 Nh5 16. Bh2 g6 17. Re2 Bxc3 18. Qxc3 Be6 19. g4 Ng7 20. Nd2 Bxc4 21.
Nxc4 b5 22. Nd2 Ne6 23. Ne4 Kh8 24. Nf6 Ncd4 25. Rd2 Qc6 26. Rxd4 Nxd4 27. Qxd4
Re6 28. Rd1 Qa6 29. Qd8+ Rxd8 30. Rxd8+ 1-0

[Event "Mechanics' Winter TNM; G/2 d5"]
[Site "San Francisco"]
[Date "2018.01.16"]
[Round "2.24"]
[White "Boldi, Ethan"]
[Black "Greene, Sam"]
[Result "1-0"]
[WhiteElo "1920"]
[BlackElo "1565"]
[Annotator "Donaldson"]
[PlyCount "67"]
[EventDate "2018.??.??"]
[Source "ChessBase"]
[SourceDate "2007.09.04"]

1. e4 e5 2. Nf3 Nc6 3. Bc4 Bc5 4. c3 d6 $6 (4... Nf6) 5. h3 $6 (5. d4 $1) 5...
Nf6 6. d3 h6 7. O-O a6 8. d4 exd4 9. cxd4 Ba7 10. Nc3 O-O 11. Bf4 b5 12. Bd5 $6
Nxd5 13. Nxd5 Be6 14. Ne3 Qf6 $1 15. Bxd6 cxd6 16. d5 Bxh3 (16... Bd7 17. dxc6
Bxc6 $15) 17. dxc6 Bxe3 18. fxe3 Bg4 19. Qd4 Qe7 $2 {Diagram [#]} (19... Qe6)
20. e5 $1 Bxf3 (20... dxe5 21. Qxg4) 21. exd6 Qe4 22. Rxf3 Qxc6 23. Rd1 Rad8
24. e4 Rfe8 25. e5 Rd7 26. Rc3 Qb7 27. Rdc1 Red8 28. Rc7 Qb8 29. Qc5 Kh7 30.
Kh2 g5 31. Qc2+ Kg7 32. Qf5 Rxc7 33. dxc7 Qc8 34. Qf6+ 1-0

[Event "Mechanics' Winter TNM; G/2 d5"]
[Site "San Francisco"]
[Date "2018.01.30"]
[Round "4.23"]
[White "Boldi, Ethan"]
[Black "Isenberger, Stefan"]
[Result "1-0"]
[WhiteElo "1920"]
[BlackElo "1272"]
[PlyCount "89"]
[EventDate "2018.??.??"]
[Source "ChessBase"]
[SourceDate "2007.09.04"]

1. e4 e5 2. Nf3 Nc6 3. Bc4 Nf6 4. Ng5 d5 5. exd5 Na5 6. Bb5+ c6 7. dxc6 bxc6 8.
Qf3 Bb7 9. Ba4 h6 10. Ne4 Be7 11. Nxf6+ Bxf6 12. b4 O-O 13. Qe2 e4 14. c3 c5
15. bxa5 Qxa5 16. Qb5 Qc7 17. Qd7 Qxd7 18. Bxd7 Rad8 19. Bh3 Ba6 20. g3 Bd3 21.
Bf1 Rfe8 22. a4 c4 23. Ba3 Bg5 24. h4 Bxd2+ 25. Nxd2 e3 26. fxe3 Rxe3+ 27. Kf2
Rde8 28. Bxd3 cxd3 29. Rhe1 Re2+ 30. Rxe2 Rxe2+ 31. Kf3 Rxd2 32. Ke3 Rg2 33.
Kxd3 Rxg3+ 34. Kc2 Rg4 35. Kb3 Rxh4 36. c4 Rh3+ 37. Kb4 Rh4 38. Kb5 a6+ 39. Kc5
f5 40. Kd5 f4 41. c5 f3 42. c6 Rf4 43. c7 Rf5+ 44. Ke4 Rc5 45. Bxc5 1-0

[Event "Mechanics' Shipman TNM; G/2 d/5"]
[Site "San Francisco"]
[Date "2018.09.11"]
[Round "6.9"]
[White "Boldi, Ethan"]
[Black "Kokesh, Tim"]
[Result "1-0"]
[WhiteElo "2011"]
[BlackElo "2015"]
[PlyCount "56"]
[EventDate "2018.??.??"]
[Source "ChessBase"]
[SourceDate "2007.09.04"]

1. e4 c5 2. Nf3 d6 3. c4 Nc6 4. d4 cxd4 5. Nxd4 e5 6. Nxc6 bxc6 7. Nc3 Be7 8.
Be2 f5 9. Bf3 Qc7 10. O-O Rb8 11. Qa4 f4 12. Rd1 a5 13. a3 Bd7 14. b4 Nf6 15.
Qxa5 Qxa5 16. bxa5 Be6 17. Be2 O-O 18. Bd2 Bd8 19. a6 Bb6 20. Be1 Bd4 21. Bd3
Nd7 22. Rab1 Rxb1 23. Rxb1 Nc5 24. Bf1 Ra8 25. Na2 Nxe4 26. Nb4 Bd7 27. Nc2
Rxa6 28. c5 Rxa3 1-0

[Event "Mechanics' Summer TNM; G/2 d/5"]
[Site "San Francisco"]
[Date "2018.06.12"]
[Round "3.19"]
[White "Boldi, Ethan"]
[Black "Morgan, Jerry D"]
[Result "1-0"]
[WhiteElo "1973"]
[BlackElo "1524"]
[PlyCount "61"]
[EventDate "2018.??.??"]
[Source "ChessBase"]
[SourceDate "2007.09.04"]

1. e4 Nf6 2. Nc3 e5 3. Nf3 Nc6 4. Bc4 Nxe4 5. Bxf7+ Kxf7 6. Nxe4 d5 7. Neg5+
Kg8 8. d3 h6 9. Nh3 Bg4 10. Be3 Qf6 11. Qe2 e4 12. dxe4 Qxb2 13. O-O Bxh3 14.
gxh3 Qf6 15. exd5 Ne5 16. Nxe5 Qxe5 17. Qd3 Bd6 18. f4 Qe7 19. Rae1 Bc5 20. Kh1
Bd6 21. Bd4 Qf7 22. Qe4 Kf8 23. Be5 Rd8 24. c4 h5 25. Rg1 Rg8 26. Rg5 g6 27. f5
Bxe5 28. fxg6 Qe7 29. Rxe5 Qd7 30. Rf5+ Kg7 31. Rf7+ 1-0

[Event "Mechanics' Summer TNM; G/2 d/5"]
[Site "San Francisco"]
[Date "2018.06.19"]
[Round "4.15"]
[White "Boldi, Ethan"]
[Black "Smith III, Robert"]
[Result "1-0"]
[WhiteElo "1973"]
[BlackElo "1820"]
[Annotator "Winslow,Elliott"]
[PlyCount "79"]
[EventDate "2018.??.??"]
[Source "ChessBase"]
[SourceDate "2007.09.04"]

1. e4 c6 2. d4 d5 3. exd5 cxd5 4. c4 Nf6 5. Nc3 e6 6. Nf3 Be7 7. cxd5 Nxd5 8.
Bd3 Nc6 9. O-O Bf6 10. Be3 $6 (10. Be4) 10... O-O 11. Ne4 Nxe3 12. fxe3 (12.
Nxf6+ Qxf6 13. fxe3 Qe7 14. Qe2 e5 15. d5 e4 16. dxc6 exd3 17. Qxd3 bxc6 18.
Rac1 c5 19. Qa3 Be6 20. Qxc5 Qxc5 21. Rxc5 Bxa2 22. b4 Rab8 23. b5 Rfc8 24.
Rxc8+ Rxc8 25. Ra1 Rc2 26. Rd1 g6 27. Rd8+ Kg7 28. Rd7 Rb2 29. Nd4 {
1/2-1/2 (29) Gjuran,D (2279)-Cetina,K (2163) Celje 2004}) 12... Be7 13. Rc1 Nb4
14. Bb1 Nd5 (14... b6 15. Nc3 (15. a3 Nd5 16. Qd3 f5 17. Ne5 Bb7 18. Rce1 a5
19. Nc3 Bh4 20. Re2 Bf6 21. Nf3 Ba6 22. Nb5 a4 23. b3 Bxb5 24. Qxb5 Nc3 25. Qd3
Nxe2+ 26. Qxe2 axb3 27. Bd3 Rxa3 28. Qb2 Qd6 29. Bc4 Rfa8 30. Bxb3 Kh8 31. Qc3
h6 32. Ne5 Bxe5 33. dxe5 Qc5 34. Qxc5 bxc5 35. Bxe6 Rxe3 36. Bxf5 Rxe5 37. Bd3
Rd8 38. Rf3 g5 39. h3 Kg7 40. Bc4 Rd4 41. Bb3 c4 42. Bc2 Re2 43. Bf5 Rf4 {
0-1 (42) Didi,J (2134)-Walach,M (2361) Karvina 2006}) 15... Ba6 16. Rf2 Rc8 17.
Ne5 Bg5 18. Qf3 f6 19. Qh3 g6 20. Qxe6+ Kg7 21. Nf3 Bh6 22. Re1 Bc4 23. Qh3 Qd6
24. e4 Rce8 25. d5 Qc5 26. Na4 Qa5 27. b3 Bb5 28. Nc3 f5 29. Nxb5 Qxb5 30. Nd4
Qc5 31. Ne6+ Rxe6 32. dxe6 fxe4 33. Qg3 Bd2 34. e7 Rxf2 35. Qxf2 Qxf2+ 36. Kxf2
Bxe1+ 37. Kxe1 Kf7 38. Kd2 Kxe7 39. a3 Nd3 40. Bxd3 exd3 41. Kxd3 Ke6 42. Kc4
a6 43. a4 Kd6 44. b4 Ke5 45. h4 h5 46. a5 bxa5 47. bxa5 Kd6 48. Kd4 Kc6 49. Ke5
Kb5 50. Kf6 Kxa5 51. Kxg6 Kb6 52. Kxh5 a5 53. g4 a4 54. g5 a3 55. g6 a2 56. g7
a1=Q 57. g8=Q Kc7 58. Qf7+ Kd8 59. Kg6 Qg1+ 60. Kh7 Qb1+ 61. Kg8 Qg1+ 62. Qg7
Qh2 63. Qf8+ Kd7 64. Qf7+ Kd8 65. h5 Qg3+ 66. Qg6 Qf4 67. Qf7 Qg4+ 68. Kf8 Qb4+
69. Kg7 Qg4+ 70. Qg6 Qd7+ 71. Kf8 Qd4 72. Qg5+ Kc8 73. h6 Qb4+ 74. Kg7 Qd4+ 75.
Qf6 Qd7+ 76. Kf8 Qd3 77. Qe6+ Kb8 78. Qe8+ Ka7 79. Qf7+ Ka6 80. h7 Qd4 81. Qg6+
Ka5 82. Qh5+ {1-0 (82) Naiditsch,A (2708)-Ernst,S (2556) Wijk aan Zee 2013})
15. Qd3 f5 (15... g6 16. Ne5 a6 17. Nc3 Nxc3 18. bxc3 Bd6 19. Nf3 b5 {
1/2-1/2 (19) Brustman,A (1980)-Honfi,K (2035) Piotrkow Trybunalski 1979}) 16.
Nc3 a6 17. Ne5 Bf6 18. e4 Bxe5 19. dxe5 Qb6+ 20. Kh1 Ne3 21. Rf3 Ng4 22. Qe2 $6
(22. Qd6 $1 Nf2+ 23. Kg1 $1 $11 {No smothered mate here!}) 22... Nxe5 23. Rff1
f4 24. Qh5 Qa5 $6 (24... Qd6 25. Rfd1 Qb8 26. Na4 b5 27. Nb6 Qxb6 28. Qxe5 Ra7
$15) 25. b4 {Looks better than it is} g6 26. Qg5 {[#]} h6 $4 ({
Black was all set up for:} 26... Qc7 $3 27. Nd5 Qg7 28. Nb6 (28. Rc7 Bd7 29.
Nb6 Rad8 $17) 28... Rb8 29. Rxf4 Bd7) 27. Qxh6 Qxb4 28. Rxf4 $2 (28. Qg5 $1 Qd4
29. Ne2 Nf7 30. Qxg6+ Qg7 31. Qxg7+ Kxg7 32. Nxf4 e5 33. Nd5 $16 {
White's bishop isn't going to stay bottled up forever.}) 28... Rxf4 $6 (28...
Qe7 29. Rxf8+ Qxf8 30. Qg5 Qg7) 29. Qxf4 Qa5 $2 {Diagram #} (29... Qd6 30. Rd1
Qc7 31. h3 $16 Bd7 32. Rxd7 (32. Qg3 Rc8) 32... Qxc3 $1) 30. Nd5 $1 exd5 31.
Qxe5 Qd2 $6 32. Qe8+ {#7} Kg7 33. Rc7+ $6 (33. Qe7+ Kh6 34. Qh4+ Kg7 35. Rc7+)
33... Kh6 34. Qh8+ (34. Qf8+ Kg5 35. h4+ Kg4 36. Qf3+ Kxh4 37. Rh7+ Kg5 38.
Qg3+ Bg4 (38... Kf6 39. e5+ Ke6 40. Qxg6+ Kxe5 41. Re7+ Kf4 42. Qf6+ Kg4 43.
Rg7+)) 34... Kg5 35. Qd8+ Kg4 36. h3+ Kg3 37. Qd6+ Kh4 (37... Kf2 38. Rc2) 38.
Rh7+ Kg5 39. h4+ Kg4 40. Qxg6+ 1-0